| 000 | 00726nam a2200265 a 4500 | ||
|---|---|---|---|
| 003 | AR-BaBNM | ||
| 005 | 20251128203902.0 | ||
| 008 | 082120s2002 ||||||||||||||000 | spa|| | ||
| 040 | _cAR-BaBNM | ||
| 100 | 1 | _aSimon, Jean | |
| 245 | 0 | 0 | _aSicopedagogía de la ortografía |
| 260 |
_aBuenos Aires _bRuy Díaz _c1968 |
||
| 300 |
_a152 p. _btablas |
||
| 500 | _aContiene referencias bibliográficas | ||
| 650 | 4 | _aORTOGRAFIA | |
| 650 | 4 | _aPSICOLOGIA DE LA EDUCACION | |
| 650 | 4 | _aPSICOLOGOS ESCOLARES | |
| 653 | _aENSENANZA DE LA LENGUA | ||
| 653 | _aORIENTACION EDUCATIVA | ||
| 653 | _aPSICOPEDAGOGIA | ||
| 653 | _aINVESTIGACION EDUCATIVA | ||
| 700 | 1 |
_aZazzo, René _eprologuista |
|
| 942 | _cBK | ||
| 998 | _csilvi | ||
| 999 |
_c5328 _d5328 |
||